000 00485nam a2200181 a 4500
001 1768888605260
003 YourLibrary
005 20260120141446.0
008 260120s2008##################000#0#eng##
020 _a9780521085694
082 0 4 _a303.4809
_bGOL
100 1 _aGolan, Galia,
_eauthor.
245 1 0 _aThe Czechoslovak Reform Movement :
260 _bCambridge University Press,
_c2008.
650 0 _aHistory.
942 _cENGLISH
040 _aYourLibrary
_beng
_cYourLibrary
999 _c608638
_d608638